Tabákové milióny.

Tabakový priemysel je a naďalej zostáva obrovským biznisom. I čs. vláda súhlasila s tým, aby sa do akciovej spoločnosti Tabák Kutná Hora investovalo. Charakteristika a. s. Tabák. Tender vypísaný na privatizáciu a. s. Tabák. Víťazom sa stala americká firma Philip Morris. Podiel firmy Philip Morris pr...

ver descrição completa

Na minha lista:
Detalhes bibliográficos
Autor principal: Bautzová, Libuše
Formato: Capítulo de Livro
Idioma:tcheco
Assuntos:
Tags: Adicionar Tag
Sem tags, seja o primeiro a adicionar uma tag!

MARC

LEADER 00000naa a2200000 4500
001 r008781
005 20220831090255.4
041 0 |a cze 
044 |a [CS] 
245 1 0 |a Tabákové milióny.  |c Libuše Bautzová 
520 |a Tabakový priemysel je a naďalej zostáva obrovským biznisom. I čs. vláda súhlasila s tým, aby sa do akciovej spoločnosti Tabák Kutná Hora investovalo. Charakteristika a. s. Tabák. Tender vypísaný na privatizáciu a. s. Tabák. Víťazom sa stala americká firma Philip Morris. Podiel firmy Philip Morris predstavuje 42,4 perc. Záväzky tejto firmy. Charakteristika prenikania tejto firmy na východ. Správanie sa firmy na čs. trhu. 
610 2 0 |a priemysel tabakový 
610 2 0 |a ČSFR 
610 2 0 |a privatizácia 
610 2 0 |a investície zahraničné 
610 2 0 |a trh 
100 1 |a Bautzová, Libuše